00588nam a22001817a 450000500170000001000140001702000230003103500130005403700130006708200130008010000220009324501240011526000380023927000560027730000280033350000190036170000260038020100727111428.0 aENG-96869 a8185930155c700.00 aEN-80402 bDBAD/PUB a336.0254 aPurohit, Mahesh C aNon-tax sources in India:bissues in pricing and delivery of services /cby Mahesh C Purihit [and] Vishnu Kanta Purohit aDelhibGayatri Publicationsc2010 aPost Box No. 8495, Ashok Vihar, Delhi-110052bDelhi a221p.:bill.c25cm (Hb) aIncludes index aPurohit, Vishnu Kanta